000 00419nam a2200145Ia 4500
008 100122s9999 xx 000 0 und d
082 _b22917
_a823.08
100 _aमुसळे गोविंद
245 _aओले दु:ख
260 _bश्री विशाखा प्रकाशन
_c1976
300 _a200
630 _aओले दु:ख
730 _aओले दु:ख
942 _cBOOK
999 _c410575
_d410572